Considerations sur l'etat des beaux- arts (Record no. 103)
[ view plain ]
| 000 -LEADER | |
|---|---|
| campo de control de longitud fija | 00752 a2200133 4500 |
| 082 ## - NÚMERO DE LA CLASIFICACIÓN DECIMAL DEWEY | |
| Número de clasificación | 701 |
| Número de ítem | C585c |
| 100 ## - ENTRADA PRINCIPAL--NOMBRE DE PERSONA | |
| Nombre de persona | Clair, Jean |
| 9 (RLIN) | 521 |
| 245 ## - MENCIÓN DEL TÍTULO | |
| Título | Considerations sur l'etat des beaux- arts |
| Resto del título | Critique de la modernite |
| 260 ## - PUBLICACIÓN, DISTRIBUCIÓN, ETC. | |
| Lugar de publicación, distribución, etc. | Francia |
| Nombre del editor, distribuidor, etc. | Editions Gallimard |
| Fecha de publicación, distribución, etc. | 1983 |
| 300 ## - DESCRIPCIÓN FÍSICA | |
| Extensión | 193 p |
| Dimensiones | 20.5 cm |
| 505 ## - NOTA DE CONTENIDO CON FORMATO | |
| Título | I. Les relations d'incertitude |
| -- | II. Cronos et Mnemosyne |
| -- | III. Existence et persistance |
| -- | IV. Modernite et avant-garde |
| -- | V. L'avant-garde et le realisme socialiste |
| -- | VI. Le classique et le concret |
| -- | VII. Novum et renouveau |
| -- | VIII. Kunstwollen ou Kunstkonnen |
| -- | IX. Le retour au dessin |
| -- | X. Eloge du pastel |
| -- | XI. Metier, mythe el memoire |
| -- | XII. Apocalypsis cum figura |
| 650 ## - PUNTO DE ACCESO ADICIONAL DE MATERIA--TÉRMINO DE MATERIA | |
| Término de materia o nombre geográfico como elemento de entrada | Arte moderno |
| Subdivisión de forma | arte - psicologa̕ |
| -- | crt̕ica de arte |
| 9 (RLIN) | 552 |
| 700 ## - ENTRADA AGREGADA--NOMBRE PERSONAL | |
| Nombre de persona | Jean Clair |
| 9 (RLIN) | 522 |
| Estatus retirado | Estado de pérdida | Fuente del sistema de clasificación o colocación | Estado de daño | No para préstamo | Biblioteca de origen | Biblioteca actual | Ubicación en estantería | Fecha de adquisición | Total de préstamos | Signatura topográfica completa | Código de barras | Visto por última vez | Precio de reemplazo | Tipo de ítem Koha |
|---|---|---|---|---|---|---|---|---|---|---|---|---|---|---|
| Clasificación Decimal Dewey | Biblioteca LadoV | Biblioteca LadoV | 03/05/2014 | 701 C585c | 000095 | 03/05/2014 | 03/05/2014 | Material 01 |
